Encíclicas de Juan Pablo II

Gorde:
Xehetasun bibliografikoak
Formatua: Liburua
Hizkuntza:gaztelania
Argitaratua: Madrid EDIBESA 1993
Gaiak:
Etiketak: Etiketa erantsi
Etiketarik gabe, Izan zaitez lehena erregistro honi etiketa jartzen!

MARC

LEADER 00000nam a2200000 a 4500
001 UCY5355
003 CL-VaPUC
008 950508e19930000SP |||||||||||||||||spa|d
082 0 4 |a 262.91  |b ENC  |2 21 
245 1 0 |a Encíclicas de Juan Pablo II 
300 |a 1260 p 
942 |c BK 
945 |d 19950508 00:00:00  |a aalvarez 
260 |a Madrid  |b EDIBESA  |c 1993 
600 0 7 |a JUAN PABLO II, PAPA  |2 CL-VaPUC  |9 257113 
650 0 |a Encíclicas  |9 255643 
650 0 |a Papas  |9 258738 
583 |a last modification  |c 19950508 00:00:00  |k Rodrigo Vera 
999 |c 233029  |d 233027 
952 |0 0  |1 0  |4 0  |6 262_910000000000000_ENC_1993  |7 0  |8 A  |9 238081  |a BIBDER  |b BIBDER  |d 2019-11-18  |i 3081656  |o 262.91 ENC 1993  |p 3081656  |r 2023-01-25  |w 2019-11-18  |y BK  |k DER